| 000 | 01174nam a22002417a 4500 | ||
|---|---|---|---|
| 005 | 20100312095056.0 | ||
| 008 | 100312t xxu||||| |||| 00| 0 hin d | ||
| 010 | _aHIN-91171 | ||
| 020 |
_c200.00 _a9788190553063 |
||
| 035 | _aHN-63517 | ||
| 037 | _bDBAD / PUB | ||
| 040 |
_aDPL _bHN |
||
| 082 | _a822 | ||
| 100 |
_aराय, द्विजेन्द्रलाल _916590 |
||
| 245 |
_aशाहजहाँ / _cद्विजेन्द्रलाल राय; रूपनारायण पाण्डेय द्वारा अनुदित |
||
| 246 |
_aShahjhan _bby dvijendra lal rai |
||
| 260 |
_aदिल्ली _bमदर इण्डिया पब्लिकेशन्स _c2009 |
||
| 270 |
_aबी-1634 जहाँगीरपुरी _bदिल्ली _e110033 |
||
| 300 |
_a128पृ _c22सेमी (सजिल्द) |
||
| 700 |
_aपाण्डेय, रूपनारायण _924583 |
||
| 942 |
_2ddc _cHN _mरायद्वि _h822 |
||
| 999 |
_c48970 _d48970 |
||